| 000 | 00951nam a22002417a 4500 | ||
|---|---|---|---|
| 005 | 20140724112838.0 | ||
| 010 | _aENG-107963 | ||
| 020 |
_c750.00 _a9789350352816 |
||
| 035 | _aEN-91496 | ||
| 035 | _aB-527687-698 | ||
| 037 | _bDBAD/PUB | ||
| 037 |
_bStar Pub/Ven _adpl |
||
| 082 | _a346.5406 | ||
| 100 | _aParameswaran, S. | ||
| 245 | 0 | 0 |
_aLaw relating to societies registration : _cby S.Parameswaran _bAn exhaustive commentary on the societies registration Act,1860 along with state amendments and state rules / |
| 250 | _a2nd ed | ||
| 260 |
_aDelhi _bUniversal Law Publishing Co. _c2013 |
||
| 270 |
_aC-FF-1A, Dilkhus Industrial Estate, (Near Azadpur Metro Station) G.T. Karnal Road, _bDelhi _e110033 |
||
| 300 |
_axxxvi,608p. _c28cm(Hb) |
||
| 500 | _aIncludes subject index | ||
| 942 |
_2ddc _cEN _mPAR _h346.5406 |
||
| 999 |
_c77427 _d77427 |
||